00969 2200373 4500001002100000005001700021008004100038035002400079082001000103090001700113100002500130245011100155250001000266260003200276300002500308500006000333650002200393850001300415980001500428985000600443986001200449999001500461999001500476990001200491990001000503990001000513990001000523990001000533990001000543990001000553990001100563990001100574990001000585YOGYA-0209000001709220090227022723.0 ind  0010-020900000017092 a616.1 a616.1bKer Y aKERTOHUSODO, Suhardo aYang perlu diketahui umum tentang memelihara jantung sehat dan menjaga jantung sakitcSoehardo Kertohusodo aCet.1 aJakartabCitra Budayac1982 a142 hlmbilusc20 cm aDiterbitkan atas kerja sama dengan Karya Pembina Bangsa aKesehatan jantung aYOPDYOGB a12-22-2005 a2 aMrRTREV aP000022041 aP000022039 a22041-P a185-p a186-P a001-P a002-P a003-p a535-P a2939-P a2940-P a537-P